| 000 | 00578nam a2200193 a 4500 | ||
|---|---|---|---|
| 005 | 20210223120528.0 | ||
| 008 | 991125s1957 mx 000 0 spa u | ||
| 035 | _aUPN01000002918 | ||
| 049 | _aCG | ||
| 050 | 4 |
_aN8090 _bM6.2 |
|
| 100 | 1 |
_aMoreno Manzano, Salvador, _d1916-1999 _929559 |
|
| 245 | 1 | 0 |
_aAngeles músicos en México / _cSalvador Moreno. |
| 260 |
_aMéxico : _bINBA, _c1957. |
||
| 300 | _a56 p., [37] h. de láms. | ||
| 440 | 0 |
_aEdiciones de la Revista Bellas Artes ; _v5 |
|
| 650 | 4 |
_aANGELES EN EL ARTE _91038 |
|
| 650 | 4 |
_aPINTURA MEXICANA _99589 |
|
| 905 | _aLibro | ||
| 999 |
_c2918 _d2918 |
||